000 00582cam a2200193 4500
001 BIIH002722
008 1987 spa
020 _a968-59-0099-X
035 _aBIIH002722
050 4 _aPQ7297
_b.E88 V57 1987
100 1 _aEstrada, Genaro
245 0 _aVisionario de la Nueva españa /
_cGenaro Estrada ; prol. Carlos Monsivais.
260 _aMéxico :
_bUniversidad Autónoma de Sinaloa,
_c1987
300 _ax, 204 p. ;
_c21 cm.
500 _aEdicion Facsimilar
500 _a1 ejemplar
700 1 _aMonsiváis, Carlos,
_eprol.
942 _2lcc
_cLIB
999 _c72213
_d72213